000 004500000a22001810004500
020 _a0-8499-0031-X
041 0 _aENG
082 0 4 _aG 253.2 M4788e
100 1 _aMcBurney, Louis
245 1 0 _aEvery pastor needs a pastor / Louis McBurney
260 _aWaco, TX., USA : Word
300 _a153 Pag
001 6394
942 _cBK
999 _c36666
_d36666
336 _atexto
_btxt
_2rdacontent
337 _2rdamedia
_asin mediación
_bn
338 _2rdacarrier
_avolumen
_bnc